000 00785nam a2200217 a 4500
008
049 _aMAIN
090 _aHM851
_bGOR
100 1 _aGoredema, Vimbai S.
245 1 0 _aSocial media use for library interaction :
_bawareness and perceptions of National University of Science and Technology (NUST) students /
_cVimbai Superior Goredema.
260 _aBulawayo :
_bNUST,
_c2015.
300 _axvi, 108 p.
_bill. (som. col.) ;
_c31 cm.
504 _aIncludes bibliographical references.
500 _aThesis (MSc)---NUST, 2015.
700 _aNUST
_bDept. Of Journalism and Media Studies.
_tThesis.
907 _a.b10372684
_b09-05-16
_c06-04-16
003
005 20230120153126.0
040 _cNUST
942 _cBOOKS
_kHM851
_mGOR
999 _c99231
_d99231